Costco or Sam's Club? - Statistics

General Stats
  • This quiz has been taken 53 times
  • The average score is 8 of 14
Answer Stats
Question Answer % Correct
Is a subsidiary of Walmart. Sam's Club
92%
Had a group of influencers in Florida who review their items with "booms" or "dooms" go viral in 2024. Costco
80%
Has a larger international reach. Costco
80%
Its stores have a larger surface area on average. Costco
76%
Has more stores worldwide. Costco
76%
Has a small food court to buy and eat cooked and ready-to-eat food. Both
72%
Require a membership to shop and purchase items in store. Both
68%
Has red in its logo. Costco
64%
Opened its first store in Oklahoma. Sam's Club
64%
It carries its own branding known as "Member’s Mark". Sam's Club
64%
It lowered its hot dog combo price to $1.38 in 2022. Sam's Club
36%
Offers a branded MasterCard that can double as a membership card. Sam's Club
16%
Has an auto buying program. Both
12%
Opened its first store in 1983. Both
8%
No matching quizzes found
Score Distribution
Percent of People with Each Score
Percentile by Number Answered
Your Score History
You have not taken this quiz